Las Empresas transnacionales en la Argentina. (Record no. 1154)
[ view plain ]
| 000 -CABECERA | |
|---|---|
| campo de control de longitud fija | 00784cam a2200205 a 4500 |
| 001 - NÚMERO DE CONTROL | |
| campo de control | 000001204 |
| 005 - FECHA Y HORA DE LA ÚLTIMA TRANSACCIÓN | |
| campo de control | 20200929145515.0 |
| 008 - DATOS DE LONGITUD FIJA--INFORMACIÓN GENERAL | |
| campo de control de longitud fija | 860804s1986 cl b i000 0 spa |
| 020 ## - NÚMERO INTERNACIONAL ESTÁNDAR DEL LIBRO | |
| Número Internacional Estándar del Libro | 9213212038 |
| 040 ## - FUENTE DE LA CATALOGACIÓN | |
| Centro catalogador/agencia de origen | DO-SdBNP |
| Lengua de catalogación | spa |
| Centro/agencia transcriptor | BNPHU |
| 082 ## - NÚMERO DE LA CLASIFICACIÓN DECIMAL DEWEY | |
| Número de clasificación | 338.88 |
| Número de documento/Ítem | E55t |
| 245 04 - MENCIÓN DE TÍTULO | |
| Título | Las Empresas transnacionales en la Argentina. |
| 260 ## - PUBLICACIÓN, DISTRIBUCIÓN, ETC. | |
| Lugar de publicación, distribución, etc. | Santiago de Chile : |
| Nombre del editor, distribuidor, etc. | Naciones Unidas, |
| Fecha de publicación, distribución, etc. | 1986. |
| 300 ## - DESCRIPCIÓN FÍSICA | |
| Extensión | 228 p. ; |
| Dimensiones | 23 cm. |
| 440 #0 - MENCIÓN DE SERIE/PUNTO DE ACCESO ADICIONAL--TÍTULO | |
| Título | Estudios e informes de la CEPAL, |
| Número Internacional Normalizado para Publicaciones Seriadas | 0256-9795 ; |
| Designación de volumen o secuencia | no. 56 |
| 9 (RLIN) | 3101 |
| 500 ## - NOTA GENERAL | |
| Nota general | "Este trabajo fue preparado por la Unidad Conjunta CEPAL/CET sobre Empresas Transnacionales"--Verso t.p. |
| 504 ## - NOTA DE BIBLIOGRAFÍA, ETC. | |
| Nota de bibliografía, etc. | Bibliografía: p. 221-222. |
| 650 #4 - PUNTO DE ACCESO ADICIONAL DE MATERIA--TÉRMINO DE MATERIA | |
| Término de materia o nombre geográfico como elemento de entrada | Empresas internacionales |
| Subdivisión geográfica | Argentina |
| 9 (RLIN) | 4109 |
| 710 2# - PUNTO DE ACCESO ADICIONAL--NOMBRE DE ENTIDAD CORPORATIVA | |
| Nombre de entidad corporativa o nombre de jurisdicción como elemento de entrada | Unidad Conjunta CEPAL/CET sobre Empresas Transnacionales. |
| 9 (RLIN) | 4112 |
| Estado de retiro | Estado de pérdida | Restricciones de uso | No para préstamo | Código de colección | Localización permanente | Ubicación/localización actual | Ubicación en estantería | Fecha de adquisición | Número de inventario | Total de préstamos | Signatura topográfica completa | Código de barras | Fecha visto por última vez | Precio válido a partir de | Tipo de ítem Koha |
|---|---|---|---|---|---|---|---|---|---|---|---|---|---|---|---|
| Préstamo interno | Préstamo en sala | Dominicana de Servicio | Biblioteca Nacional Pedro Henríquez Ureña | Biblioteca Nacional Pedro Henríquez Ureña | Depósito | 04.09.2009 | LF1 | 338.88 E55t | 1204-10 | 25.06.2020 | 25.06.2020 | Libros y folletos |
